书目信息 |
| 题名: |
毛主席诗词墨迹
|
|
| 作者: | 毛泽东 书 | |
| 分册: | 续编 | |
| 出版信息: | 北京 文物出版社 1978 |
|
| 页数: | 1册 | |
| 开本: | 26cm | |
| 丛书名: | ||
| 单 册: | ||
| 中图分类: | A45 , J292.11 | |
| 科图分类: | ||
| 主题词: | 毛主席诗词--手稿 , 书法--中国 , 篆刻--中国 | |
| 电子资源: | ||
| ISBN: | ||
| 000 | 00659nam0 2200265 45 | |
| 001 | 0178002498 | |
| 005 | 20040519152012.8 | |
| 010 | @dCNY1.00 | |
| 091 | @a1068.715 | |
| 100 | @a19950714d1978 em y0chiy0121 ea | |
| 101 | 0 | @achi |
| 102 | @aCN@b110000 | |
| 105 | @ay z 000yy | |
| 106 | @ar | |
| 200 | 10 | @a毛主席诗词墨迹@Amao zhu xi shi ci mo ji@h续编@f毛泽东书 |
| 210 | @a北京@c文物出版社@d1978 | |
| 215 | @a1册@d26cm | |
| 606 | @a毛主席诗词@x手稿 | |
| 606 | 0 | @a书法@x中国 |
| 606 | 0 | @a篆刻@x中国 |
| 690 | @aA45@v3 | |
| 690 | @aJ292.11@v3 | |
| 701 | 0 | @a毛泽东@Amao ze dong@4书 |
| 801 | 0 | @aCN@bNLC@c20031217 |
| 905 | @dJ292.11@e7@f1@b5021 | |
| 毛主席诗词墨迹.续编/毛泽东书.-北京:文物出版社,1978 |
| 1册;26cm |
| ISBN :CNY1.00 |
| ● |
| 相关链接 |
|
|
|
|
正题名:毛主席诗词墨迹
索取号:J292.11/7
 
预约/预借
| 序号 | 登录号 | 条形码 | 馆藏地/架位号 | 状态 | 备注 |
| 1 | 0005021 | 000798364 | 第一借阅区/ [索取号:J292.11/7] | 在馆 | |
| 2 | 0005022 | 001658174 | 密集书库/ [索取号:J292.11/7] | 在馆 |